Segmentation of brain magnetic resonance images using deep neural networks

Enregistré dans:
Détails bibliographiques
Auteur principal: Povinec, Jakub (Auteur)
Autres auteurs: Benešová, Vanda (Directeur de thèse)
Format: Manuscrit Livre
Langue:slovaque
anglais
Publié: 2024
Sujets:
Accès en ligne:http://is.stuba.sk/zp/portal_zp.pl?podrobnosti=177146
Tags: Ajouter un tag
Pas de tags, Soyez le premier à ajouter un tag!

MARC

LEADER 00000ntm a22000003a 4500
001 stuzp100242
003 SK-STU
005 20240608213813.3
007 ta
008 150427s2015----xo-----f-mn---000-0-slo-d
040 |a STU  |b slo 
041 0 |a eng 
100 1 |a Povinec, Jakub  |u 070400  |4 aut  |U FIIT Fakulta informatiky a informačných technológií  |T FIIT Ústav počítačového inžinierstva a aplikovanej informatiky  |X 97014  |U I400  |Y 672  |7 97014 
242 0 1 |a Segmentácia snímok magnetickej rezonancie mozgu pomocou hlbokých neurónových sietí  |y slo 
245 1 0 |a Segmentation of brain magnetic resonance images using deep neural networks 
260 |c 2024 
650 4 |a slabo-anotovane  |2 slo 
650 4 |a segmentacia  |2 slo 
650 4 |a unet  |2 slo 
650 4 |a segmentation  |2 eng 
650 4 |a weakly-annotated  |2 eng 
650 4 |a unet  |2 eng 
700 1 |a Benešová, Vanda  |u 070400  |k Z1  |4 ths  |U FIIT Fakulta informatiky a informačných technológií  |T FIIT Ústav počítačového inžinierstva a aplikovanej informatiky  |X 63121  |U I400  |Y 672  |7 63121 
856 4 |u http://is.stuba.sk/zp/portal_zp.pl?podrobnosti=177146